LEADER 00890nam a2200217 i 4500 001 000000170475 003 CaOOAMICUS 005 20080327000000.0 008 080327s1925 it u000 u fre u 013 $a147886 040 $aSeMil$bita 100 1 $aVerlaine, Paul-Marie <1844-1896>.$0(OLS)http://semarc/name/19497 245 10$aPoésies religieuses /$cPaul Verlaine ; Préface de J. K. Huysmans. 260 $aParis :$bAlbert Messein,$c1925. 300 $aXXIX, 255 p. ;$c19 cm. 650 4$aPoesia religiosa - Testi.$0(OLS)http://semarc/subject/992 700 1 $aHuysmans, Joris-Karl,$d<1848-1907>.$0(OLS)http://semarc/name/18746 850 $aSeMil 852 $aSeMil$W1$xVenegono$y1$m1V III 5$j121362$B121362$CSeMilBibl$Z2$F132737 $81 996 $6245$aPoésies religieuses$9(OLS)http://semarc/title/243830 996 $6260$aParis :$bAlbert Messein$9(OLS)http://semarc/publisher/40689 LEADER 01164nam a2200265 i 4500 001 000000053391 003 CaOOAMICUS 005 20250506101128.0 008 041103s1981 it u000 u ita u 013 $a24563 040 $aSeMil$bita 100 1 $aFalconi, Carlo,$d<1915-1998>.$0(OLS)http://semarc/name/9805 245 13$aIl giovane Mastai :$bil futuro Pio 9. dall'infanzia a Senigallia alla Roma della restaurazione, 1792-1827 /$cCarlo Falconi. 260 $aMilano :$bRusconi,$c1981. 300 $a842 p., [11] c. di tav. ;$c23 cm. 490 0 $aLa storia 500 $aContiene : Appendici. - In cofanetto. 600 04$aPio IX .$0(OLS)http://semarc/subject/251 830 3$aLa storia [Rusconi].$0(OLS)http://semarc/title/9248 850 $aSeMil 852 $aSeMil$W1$xVenegono$y1$m3A IV 59$j19545$B19545$CSeMilBibl$Z2$F19547 $81 961 $aOmaggio: Agenzia internazionale 996 $6245$aIl giovane Mastai :$bil futuro Pio 9. dall'infanzia a Senigallia alla Roma della restaurazione, 1792-1827$9(OLS)http://semarc/title/82241 996 $6260$aMilano :$bRusconi$9(OLS)http://semarc/publisher/30258